000 00348nam a2200133Ia 4500
008 240703s9999 xx 000 0 und d
041 _aeng
100 _aAmbrosini V.
245 _aHow To Develop A Sustainable Business School
260 _bEdward Elgar Publishers
_c2023
365 _c
_b 7,714.00
906 _b33
999 _c40839
_d40839